书目信息 |
| 题名: |
不情愿的资本家
|
|
| 作者: | 兰德尔, 著 ;刘满贵 , 宋金品 , 张德凤 译 | |
| 分册: | ||
| 出版信息: | 北京 新华出版社 2004.01 |
|
| 页数: | 214页 | |
| 开本: | 21cm | |
| 丛书名: | ||
| 单 册: | ||
| 中图分类: | F151.2 | |
| 科图分类: | ||
| 主题词: | 经济--jing ji--研究--俄罗斯 | |
| 电子资源: | ||
| ISBN: | 7-5011-6355-3 | |
| 000 | 01099nam0 2200337 450 | |
| 001 | CAL 012004015142 | |
| 005 | 20050616093452.38 | |
| 010 | @a7-5011-6355-3@dCNY 15.00 | |
| 099 | @aCAL 012004015142 | |
| 100 | @a20031219d2004 em y0chiy0121 ea | |
| 101 | 1 | @achi@ceng |
| 102 | @aCN@b110000 | |
| 105 | @ay z 000yy | |
| 200 | 1 | @a不情愿的资本家@Abu qing yuan de zi ben jia@f(美) 琳达·兰黛尔著@g刘满贵, 宋金品, 张德凤译 |
| 210 | @a北京@c新华出版社@d2004.01 | |
| 215 | @a214页@d21cm | |
| 312 | @a并列题名取自版权页 | |
| 312 | @a副题名取自封面 | |
| 314 | @a责任者规范汉译姓: 兰德尔 | |
| 510 | 1 | @aReluctant capitalists@zeng |
| 517 | 1 | @a俄罗斯向市场转轨的漫漫长路@AE luo si Xiang Shi chang Zhuan gui De Man man Chang Lu |
| 606 | 0 | @a经济@Ajing ji@x研究@y俄罗斯 |
| 690 | @aF151.2@v4 | |
| 701 | 1 | @a兰德尔,@Alan de er@bL. M.@g(Randall,Linda M.)@4著 |
| 702 | 0 | @a刘满贵@Aliu man gui@4译 |
| 702 | 0 | @a宋金品@Asong jin pin@4译 |
| 702 | 0 | @a张德凤@Azhang de feng@4译 |
| 801 | 0 | @aCN@bPUL@c20050616 |
| 905 | @a10447@dF151.2@eL551 | |
| 906 | @dCNY15.00@n0@r1 | |
| 998 | @aPUL | |
| 不情愿的资本家/(美) 琳达·兰黛尔著/刘满贵, 宋金品, 张德凤译.-北京:新华出版社,2004.01 |
| 214页;21cm |
| ISBN 7-5011-6355-3:CNY 15.00 |
| ● |
| 相关链接 |
|
|
|
正题名:不情愿的资本家
索取号:F151.2/L551
 
预约/预借
| 序号 | 登录号 | 条形码 | 馆藏地/架位号 | 状态 | 备注 |
| 1 | 535892 | 205358922 | 社科库409/409社科库 71排3列3层/ [索取号:F151.2/L551] | 在馆 | |
| 2 | 535893 | 205358931 | 社科二线400B/409社科库 71排3列3层/ [索取号:F151.2/L551] | 在馆 | |
| 3 | 535894 | 205358940 | 社科库409/409社科库 71排3列3层/ [索取号:F151.2/L551] | 在馆 | |
| 4 | 535895 | 205358959 | 社科二线400B/400B社科库 32排3列1层/ [索取号:F151.2/L551] | 在馆 | |
| 5 | 535896 | 205358968 | 社科二线400B/400B社科库 32排3列1层/ [索取号:F151.2/L551] | 在馆 |